LEADER 01387nam a2200289 u 4500 001 000000006009 003 CaOOAMICUS 005 20070226104827.0 008 941103s1991 vc u000 u ita u 020 $a88-210-0633-6 035 $a10153759 040 $aPUL(R)$bita$dAAR 100 1 $aCeresa, Massimo,$d1947-$0(OLS)http://pul/name/6155 245 10$aBibliografia dei fondi manoscritti della Biblioteca Vaticana (1981-1985) /$cMassimo Ceresa. 260 $aCittą del Vaticano :$bBiblioteca apostolica vaticana,$c1991. 300 $axlv, 695 p. ;$c25 cm 490 1 $aStudi e testi ;$v342 610 24$aBiblioteca apostolica vaticana.$kMss.$xBibliografia.$0(OLS)http://pul/subject/5528 650 0$aManuscripts$zVatican City$xBibliography.$2//eng$0(OLS)http://pul/subject/5529 830 0$aStudi e testi (Biblioteca apostolica vaticana) ;$v342.$0(OLS)http://pul/title/1077 850 $aPUL 852 $aPUL$W1$xDP1 Cons. Gen., Altre Classi 1$y22$m158 F 342$j8528$nBK-PRI$b $qStampati$B8528$CPULBib$Z2$F8528 $H $81 941 1 $a8 961 $aINV: 70415 996 $6020$a88-210-0633-6$9(OLS)http://pul/number/7798 996 $6245$aBibliografia dei fondi manoscritti della Biblioteca Vaticana (1981-1985)$9(OLS)http://pul/title/8851 996 $6260$aCittą del Vaticano :$bBiblioteca apostolica vaticana$9(OLS)http://pul/publisher/50026 LEADER 01442nam a2200313 u 4500 001 000000079761 003 CaOOAMICUS 005 20070226123555.0 008 040614s1999 inu u000 u eng u 020 $a0268038600 035 $a10998912 040 $aPUL$bita 245 00$aPassover and Easter :$bthe symbolic structuring of Sacred Seasons /$cedited by Paul F. Bradshaw and Lawrence A. Hoffmann. 260 $aNotre Dame (Indiana) :$bUniversity of Notre Dame Press,$cc1999. 300 $a224 p. ;$c22 cm 490 1 $aTwo liturgical traditions ;$v6 500 $aContiene indici. 504 $aBibliografia in nota. 650 4$aCristianesimo e altre religioni$xGiudaismo.$0(OLS)http://pul/subject/2372 700 1 $aHoffman, Lawrence A.,$d1942-$0(OLS)http://pul/name/52859 700 1 $aBradshaw, Paul F.$0(OLS)http://pul/name/49868 830 0$aTwo liturgical traditions ;$v6.$0(OLS)http://pul/title/103892 850 $aPUL 852 $aPUL$W1$xSospeso Lavorazione$y8$m90911$j101998$nBK-PRI$b $qStampati$B101998$CPULBib$Z2$F101998 $HPUL90911 $81 941 1 $a8 960 $aGiudaismo$xRelazioni$xCristianesimo$92372 996 $6020$a0268038600$9(OLS)http://pul/number/105066 996 $6245$aPassover and Easter :$bthe symbolic structuring of Sacred Seasons$9(OLS)http://pul/title/104473 996 $6260$aNotre Dame (Indiana) :$bUniversity of Notre Dame Press$9(OLS)http://pul/publisher/55089